|
|
|
|
| LEADER |
01564nam a2200385 i 4500 |
| 001 |
001586690 |
| 003 |
CZ BrMZK |
| 005 |
20170804075445.0 |
| 007 |
ta |
| 008 |
170724s2013 xo f 101 0 slo |
| 020 |
|
|
|a 978-80-88746-24-9
|q (brožováno)
|
| 040 |
|
|
|a BOA001
|b cze
|e rda
|
| 041 |
0 |
|
|a slo
|b eng
|
| 045 |
|
|
|a p-t-
|
| 072 |
|
7 |
|a 821.162.4.09
|x Slovenská literatura (o ní)
|2 Konspekt
|9 11
|
| 080 |
|
|
|a 821.162.4
|2 MRF
|
| 080 |
|
|
|a (062.534)
|2 MRF
|
| 111 |
2 |
|
|a Literárnohistorické kolokvium - Stredovek
|d (2011 :
|c Bratislava, Slovensko)
|7 ko2015870287
|4 aut
|
| 245 |
1 |
0 |
|a Literárnohistorické kolokvium :
|b I. - Stredovek, II. - Humanizmus a renesancia /
|c Erika Brtáňová (ed.)
|
| 264 |
|
1 |
|a Bratislava :
|b Ústav slovenskej literatúry SAV,
|c 2013
|
| 300 |
|
|
|a 248 stran ;
|c 24 cm
|
| 336 |
|
|
|a text
|b txt
|2 rdacontent
|
| 337 |
|
|
|a bez média
|b n
|2 rdamedia
|
| 338 |
|
|
|a svazek
|b nc
|2 rdacarrier
|
| 504 |
|
|
|a Obsahuje bibliografii, bibliografické odkazy a rejstřík
|
| 546 |
|
|
|a Anglická resumé
|
| 648 |
|
7 |
|a 12.-16. století
|7 ch757068
|2 czenas
|
| 650 |
0 |
7 |
|a slovenská literatura
|7 ph125661
|y 12.-16. století
|2 czenas
|
| 655 |
|
7 |
|a sborníky konferencí
|7 fd133333
|2 czenas
|
| 700 |
1 |
|
|a Brtáňová, Erika,
|d 1962-
|7 pna2013756581
|4 edt
|
| 711 |
2 |
|
|a Literárnohistorické kolokvium - Humanizmus a renesancia
|d (2012 :
|c Bratislava, Slovensko)
|7 ko2015870288
|4 aut
|
| 910 |
|
|
|a BOA001
|b 2-1391.696
|
| 990 |
|
|
|a BK
|
| 991 |
|
|
|b 201708
|c NOV
|
| 996 |
7 |
|
|b 2610714263
|c 2-1391.696
|l MZK
|r Sklad / do 1 hodiny
|n 1
|p kupz
|w 001622204
|u 000010
|a 1
|e BOA001
|j MZK50
|s A
|